00817nam a2200205 a 450000100100000000500170001000800410002704000250006808200210009310000220011424501510013626000370028730000270032450000730035150400300042465000600045465000480051465000220056270000270058400000927520200929161535.0090929s1986 dr a 001 0 spa d aDO-SdBNPbspacBNPHU a338.187293bQ59p1 aQuezada, Norberto10aPolítica endógena de precios y de comercio internacional agrícolas en la República Dominicana /cNorberto Quezada; prólogo Maritza Ruiz. aSanto Domingo, :bTaller,c1986. a209 p. :bil ;c22 cm. aIncluye referencias bibliográficas y notas al pie de las páginas aBibliografia : p. 189-195 4aPolítica de precios agricolasxRepública dominicana 4aPolítica agricolaxRepública dominicana 4aComercio agricola12aRuiz, Maritzaepról.